<?xml version="1.0" encoding="UTF-8"?>
<collection xmlns="http://www.loc.gov/MARC21/slim">
 <record>
  <leader>04876nam a22005655i 4500</leader>
  <controlfield tag="001">978-1-4419-1153-7</controlfield>
  <controlfield tag="003">DE-He213</controlfield>
  <controlfield tag="005">20210615214707.0</controlfield>
  <controlfield tag="007">cr nn 008mamaa</controlfield>
  <controlfield tag="008">131030s2013    xxu|    s    |||| 0|eng d</controlfield>
  <datafield tag="020" ind1=" " ind2=" ">
   <subfield code="a">9781441911537</subfield>
   <subfield code="9">978-1-4419-1153-7</subfield>
  </datafield>
  <datafield tag="024" ind1="7" ind2=" ">
   <subfield code="a">10.1007/978-1-4419-1153-7</subfield>
   <subfield code="2">doi</subfield>
  </datafield>
  <datafield tag="050" ind1=" " ind2="4">
   <subfield code="a">HD30.23</subfield>
  </datafield>
  <datafield tag="072" ind1=" " ind2="7">
   <subfield code="a">KJT</subfield>
   <subfield code="2">bicssc</subfield>
  </datafield>
  <datafield tag="072" ind1=" " ind2="7">
   <subfield code="a">BUS049000</subfield>
   <subfield code="2">bisacsh</subfield>
  </datafield>
  <datafield tag="072" ind1=" " ind2="7">
   <subfield code="a">KJT</subfield>
   <subfield code="2">thema</subfield>
  </datafield>
  <datafield tag="072" ind1=" " ind2="7">
   <subfield code="a">KJMD</subfield>
   <subfield code="2">thema</subfield>
  </datafield>
  <datafield tag="082" ind1="0" ind2="4">
   <subfield code="a">658.40301</subfield>
   <subfield code="2">23</subfield>
  </datafield>
  <datafield tag="245" ind1="1" ind2="0">
   <subfield code="a">Encyclopedia of Operations Research and Management Science</subfield>
   <subfield code="h">[electronic resource] /</subfield>
   <subfield code="c">edited by Saul I. Gass, Michael C. Fu.</subfield>
  </datafield>
  <datafield tag="246" ind1="3" ind2=" ">
   <subfield code="a">Centennial Edition</subfield>
  </datafield>
  <datafield tag="250" ind1=" " ind2=" ">
   <subfield code="a">3rd ed. 2013.</subfield>
  </datafield>
  <datafield tag="264" ind1=" " ind2="1">
   <subfield code="a">New York, NY :</subfield>
   <subfield code="b">Springer US :</subfield>
   <subfield code="b">Imprint: Springer,</subfield>
   <subfield code="c">2013.</subfield>
  </datafield>
  <datafield tag="300" ind1=" " ind2=" ">
   <subfield code="a">225 illus., 38 illus. in color. eReference.</subfield>
   <subfield code="b">online resource.</subfield>
  </datafield>
  <datafield tag="336" ind1=" " ind2=" ">
   <subfield code="a">text</subfield>
   <subfield code="b">txt</subfield>
   <subfield code="2">rdacontent</subfield>
  </datafield>
  <datafield tag="337" ind1=" " ind2=" ">
   <subfield code="a">computer</subfield>
   <subfield code="b">c</subfield>
   <subfield code="2">rdamedia</subfield>
  </datafield>
  <datafield tag="338" ind1=" " ind2=" ">
   <subfield code="a">online resource</subfield>
   <subfield code="b">cr</subfield>
   <subfield code="2">rdacarrier</subfield>
  </datafield>
  <datafield tag="347" ind1=" " ind2=" ">
   <subfield code="a">text file</subfield>
   <subfield code="b">PDF</subfield>
   <subfield code="2">rda</subfield>
  </datafield>
  <datafield tag="520" ind1=" " ind2=" ">
   <subfield code="a">The goal of the Encyclopedia of Operations Research and Management Science is to provide decision makers and problem solvers in business, industry, government, and academia a comprehensive overview of the wide range of ideas, methodologies, and synergistic forces that combine to form the preeminent decision-aiding fields of operations research and management science (OR/MS). The impact of OR/MS on the quality of life and economic well being of everyone is a story that deserves to be told in its full detail and glory. The Encyclopedia of Operations Research and Management Science is the prologue to that story. The editors, working with the Encyclopedia’s Editorial Advisory Board, surveyed and divided OR/MS into specific topics that collectively encompass the foundations, applications, and emerging elements of this ever-changing field. We also wanted to establish the close associations that OR/MS has maintained with other scientific endeavors, with special emphasis on its symbiotic relationships with computer science, information systems, and mathematics. Based on our broad view of OR/MS, we enlisted a distinguished international group of academics and practitioners to contribute articles on subjects for which they are renowned. We commissioned over 200 major expository articles and complemented them by numerous descriptions, discussions, definitions, and abbreviations. The connections between topics are highlighted by an entry’s final “See” statement, as appropriate. Each article provides a background or history of the topic, describes relevant applications, overviews present and future trends, and lists seminal and current references. To allow for variety in exposition, the authors were instructed to present their material from their research and applied perspectives. In particular, the authors, each of whom is a leading authority on the particular subject, were allowed to use whatever mathematical notation they felt was standard for their topics. The Encyclopedia’s intended audience is technically diverse and wide; it includes anyone concerned with the science, techniques, and ideas of how one makes decisions. As this audience encompasses many professions, educational background and skills, we were attentive to the form, format, and scope of the articles. Thus, the articles are designed to serve as initial sources of information for all such readers, with special emphasis on the needs of students.</subfield>
  </datafield>
  <datafield tag="650" ind1=" " ind2="0">
   <subfield code="a">Operations research.</subfield>
  </datafield>
  <datafield tag="650" ind1=" " ind2="0">
   <subfield code="a">Decision making.</subfield>
  </datafield>
  <datafield tag="650" ind1=" " ind2="0">
   <subfield code="a">Production management.</subfield>
  </datafield>
  <datafield tag="650" ind1=" " ind2="0">
   <subfield code="a">Calculus of variations.</subfield>
  </datafield>
  <datafield tag="650" ind1=" " ind2="0">
   <subfield code="a">Mathematical models.</subfield>
  </datafield>
  <datafield tag="650" ind1="1" ind2="4">
   <subfield code="a">Operations Research/Decision Theory.</subfield>
   <subfield code="0">https://scigraph.springernature.com/ontologies/product-market-codes/521000</subfield>
  </datafield>
  <datafield tag="650" ind1="2" ind2="4">
   <subfield code="a">Operations Management.</subfield>
   <subfield code="0">https://scigraph.springernature.com/ontologies/product-market-codes/519000</subfield>
  </datafield>
  <datafield tag="650" ind1="2" ind2="4">
   <subfield code="a">Calculus of Variations and Optimal Control; Optimization.</subfield>
   <subfield code="0">https://scigraph.springernature.com/ontologies/product-market-codes/M26016</subfield>
  </datafield>
  <datafield tag="650" ind1="2" ind2="4">
   <subfield code="a">Mathematical Modeling and Industrial Mathematics.</subfield>
   <subfield code="0">https://scigraph.springernature.com/ontologies/product-market-codes/M14068</subfield>
  </datafield>
  <datafield tag="700" ind1="1" ind2=" ">
   <subfield code="a">Gass, Saul I.</subfield>
   <subfield code="e">editor.</subfield>
   <subfield code="4">edt</subfield>
   <subfield code="4">http://id.loc.gov/vocabulary/relators/edt</subfield>
  </datafield>
  <datafield tag="700" ind1="1" ind2=" ">
   <subfield code="a">Fu, Michael C.</subfield>
   <subfield code="e">editor.</subfield>
   <subfield code="4">edt</subfield>
   <subfield code="4">http://id.loc.gov/vocabulary/relators/edt</subfield>
  </datafield>
  <datafield tag="710" ind1="2" ind2=" ">
   <subfield code="a">SpringerLink (Online service)</subfield>
  </datafield>
  <datafield tag="773" ind1="0" ind2=" ">
   <subfield code="t">Springer Nature eReference</subfield>
  </datafield>
  <datafield tag="776" ind1="0" ind2="8">
   <subfield code="i">Printed edition:</subfield>
   <subfield code="z">9781441911544</subfield>
  </datafield>
  <datafield tag="776" ind1="0" ind2="8">
   <subfield code="i">Printed edition:</subfield>
   <subfield code="z">9781441911551</subfield>
  </datafield>
  <datafield tag="776" ind1="0" ind2="8">
   <subfield code="i">Printed edition:</subfield>
   <subfield code="z">9781441911377</subfield>
  </datafield>
  <datafield tag="776" ind1="0" ind2="8">
   <subfield code="i">Printed edition:</subfield>
   <subfield code="z">9781071605455</subfield>
  </datafield>
  <datafield tag="856" ind1="4" ind2="0">
   <subfield code="u">https://doi.org/10.1007/978-1-4419-1153-7</subfield>
  </datafield>
  <datafield tag="912" ind1=" " ind2=" ">
   <subfield code="a">ZDB-2-SBE</subfield>
  </datafield>
  <datafield tag="912" ind1=" " ind2=" ">
   <subfield code="a">ZDB-2-SXRH</subfield>
  </datafield>
  <datafield tag="950" ind1=" " ind2=" ">
   <subfield code="a">Business and Economics (SpringerNature-11643)</subfield>
  </datafield>
  <datafield tag="950" ind1=" " ind2=" ">
   <subfield code="a">Reference Module Humanities and Social Sciences (SpringerNature-43749)</subfield>
  </datafield>
 </record>
</collection>
